000 00556nam a22002057a 4500
999 _c11851
_d11851
008 210114b 2020 ||||| |||| 00| 0 eng d
020 _a9789332550070
082 _a512.897
_bHOF
100 _aHoffman, Kenneth
245 _aLinear Algebra
250 _a2nd
260 _aIndia
_bPearson India Education Services Pvt. Ltd.
_c2020
300 _aviii, 407p.
650 _aVector Spaces
650 _aLinear Transformations
650 _aPolynomials
650 _aThe Rational and Jordan Forms
700 _aKunze, Ray
_eCo-author
942 _cBK